| 000 | 006260000a22001810004500 | ||
|---|---|---|---|
| 003 | MACL | ||
| 005 | 20160320164251.0 | ||
| 008 | 160320b xxu||||| |||| 00| 0 eng d | ||
| 040 |
_aMACL _cMACL |
||
| 041 | _aHindi | ||
| 082 | _a070 | ||
| 100 |
_aप्रोफेसर पी के आर्य _947924 |
||
| 245 | _aपत्रकारिता दशा एवं दिशा | ||
| 260 |
_bआविष्कार पब्लिशर्स डिस्ट्रीब्यूटर्स _c2007 _aजयपुर |
||
| 350 | _a450 | ||
| 650 |
_aNews Media Journalism _9338 |
||
| 942 |
_cHIN _k070 _2ddc |
||
| 999 |
_c22241 _d22241 |
||